000 00418nam a2200181Ia 4500
001 589
005 20260306140529.0
008 260306t2008||||xx |||||||||||||| ||spa||
041 _aESP
082 _a128
_bG84
100 _aRomano, Guardini
_eAUT
245 0 _aLa aceptación de sí mismo :
_blas edades de la vida
260 _c2008
300 _a
_c
650 _aGEN
654 _aCHU
942 _cLIB
_dJUS
_fJUS
_2ddc
_n
999 _c589
_d589